000 00451nam a22001577a 4500
003 DO-SdBNP
005 20171214102333.0
008 160314b xxu||||| |||| 00| 0 spa d
040 _aBPMSU
_bspa
_cBPMSU
245 _aAsí me lo contaron :
_bun ejercicio de narración oral con niños y niñas del darien
260 _aPanama
_bOIM
300 _a33 p. :
_c16 cm
942 _2ddc
_cBK
945 _ainventariado extranjero / DG
956 _adaysi garcia
999 _c9206
_d9206